000 00794nam a2200253Ia 4500
003 OSt
005 20220927105901.0
006 a|||||r|||| 00| 0
007 ta
008 220926b |||||||| |||| 00| 0 eng d
024 _a40449
037 _cReference Collections
040 _aRTL
_cRTL
_beng
041 _2eng
_aeng
082 _a"X:77:(B)p1,N70, L3"
111 _aConference on Models of Economic Growth (1970 : Jerusalem)
_9375557
245 0 _aProceedings edited by James A. Mirrlees and N. H.
260 _aLondon
_bMacmillan U. K.
_c1973
300 _a"xxii, 372p."
_ccm.
490 _a"International Economic Association, publication"
650 _aEconomic Development
942 _h"X:77:(B)p1,N70, L3"
_cCC
999 _c695074
_d695074